Cueva de Cunday: estudio espeleológico preliminar de esta caverna tolimense (Registro nro. 10030)

Detalles MARC
000 -CABECERA
Campo de control 005210000a22001570004500
090 ## - CLASIFICACIÓN LOCAL
Colección AR
Consecutivo 00942
041 0# - IDIOMA
Código de idioma para texto/pista de sonido o título separado
100 1# - ASIENTO PRINCIPAL--NOMBRE PERSONAL
Nombre personal Cabrera Ortiz, Wenceslao
245 10 - MENCION DE TITULO
Título Cueva de Cunday: estudio espeleológico preliminar de esta caverna tolimense
650 14 - ASIENTO SECUNDARIO DE MATERIA - TERMINO TEMATICO
Término temático o nombre geográfico como elemento de entrada Espeleología
650 14 - ASIENTO SECUNDARIO DE MATERIA - TERMINO TEMATICO
Término temático o nombre geográfico como elemento de entrada Cavernas
650 14 - ASIENTO SECUNDARIO DE MATERIA - TERMINO TEMATICO
Término temático o nombre geográfico como elemento de entrada Geología
651 #4 - ASIENTO SECUNDARIO DE MATERIA - NOMBRE GEOGRAFICO
-- Cueva de Cunday
-- Tolima
-- Colombia
773 1# - Item fuente:
Título Boletín de la Sociedad Geográfica de Colombia
Especificación de materiales 190
Descripción física 101
Paginas del Articulo 17-28
Lugar, editorial y fecha de publicación 1970
Información sobre la relación 27
942 ## - ELEMENTOS ADICIONALES (KOHA)
Tipo de ítem Artículo
Existencias
Withdrawn status Lost status Damaged status No para préstamo Colección Ubicación Permanente Ubicación actual Fecha de adquisición Fuente de Valor Datos de publicación Seriada Total Checkouts Número topográfico Inventario / Código de Barras Date last seen Ejemplar Price effective from Forma de adquisición Tipo de material
      No para Préstamo Hemeroteca Bogotá Bogotá 27/02/2015 Muñoz Saba, Yaneth Fuera de circulación   AR 00942 011239 25/03/2015 1 25/03/2015   Artículo